000 03335nam a2200397 i 4500
001 194151
003 RBPG
005 20250708200001.0
008 240305s2024 sp a e|| 000 0 spa c
017 _aCO 2108-2023
020 _a9788419979094
035 _a(ES-MaREB)ES-MaREB01942952-6
035 _aES-VlRAB002106304
040 _aRABEL
_dBPL
_bglg
_cES-MaACL
080 _a316.75
100 _aPutin Ghidini, Alessia
_9235814
_eaut
245 1 0 _aCancelación :
_bmanual contra la dictadura de la ideología, el pensamiento binario y el odio político /
_cAlessia Putin Ghidini
250 _a1ª ed.
260 _aCórdoba :
_bSekotia,
_c2024
300 _a299 páginas :
_bil ;
_c22 cm
336 _atexto
_2rdacontent
337 _asin mediación
_2rdamedia
338 _avolumen
_2rdacarrier
490 1 _aReflejos de actualidad
504 _aBibliografía
520 3 _aPúblico contra privado, empleados contra empresarios, mujeres contra hombres, ecologistas contra negacionistas....... El pensamiento binario invade el espacio político-social y ofrece como única solución el victimismo y la revancha. Los binaristas ahondan en las brechas de las identidades, de forma excluyente, para generar conflicto social y avivar las políticas del resentimiento y la venganza. La autocensura, el miedo a expresar opiniones contra el pensamiento políticamente correcto y la furia de las masas ocultas bajo perfiles de redes sociales, fomentan la cultura de la cancelación, el racismo ideológico y el movimiento woke. Cancelación se convierte en una brújula que identifica las dictaduras de las ideologías, el autoboicot occidental promovido en las universidades y el odio político, para ayudar a desactivarlos. Desmonta, uno a uno, los mitos y los dogmas del falso progresismo y sus manifestaciones más iliberales: aquellas tiranías de las minorías, disfrazadas de compasión e igualdad, que solo buscan polarizar y levantar muros. Cancelación es una oda a la tolerancia, al respeto y al diálogo que nos ofrece algo de esperanza y entusiasmo en medio de la esquizofrenia colectiva que nos rodea. Un manifiesto, detallado y fundamentado, que nos regala un mensaje optimista para las generaciones futuras e intenta frenar el suicidio de la sociedad occidental. «Alessia nos propone una reflexión sobre el mundo que nos rodea y sobre las cosas que, según dicen algunos, deben ser consideradas normas básicas de ilustración y comportamiento. Al hacerlo, y para dar profundidad a la reflexión, describe con claridad a unos y a otros, y argumenta sólidamente las propuestas que deberían ayudar a evitar el convencionalismo y sus peligros». Javier Rupérez
650 4 _aTolerancia
_917547
830 0 _aReflejos de actualidad
_9240715
852 _aES-MaACL
_bR.155097
_cDEPOJ
_jN-9880
_xEncuadernación rústica con solapas
_gDedicatoria autógrafa de la autora
_hDonación: Alessia Putin Ghdini
_9205805
903 _9235814
_aPutin Ghidini, Alessia
_ednr
942 _n0
_cMONOGRAFIA
999 _c194151
_d194151